Introduction to sociology and anthropology (Record no. 17141)
[ view plain ]
| 000 -LEADER | |
|---|---|
| fixed length control field | 00652nam a22002537a 4500 |
| 003 - CONTROL NUMBER IDENTIFIER | |
| control field | OSt |
| 005 - DATE AND TIME OF LATEST TRANSACTION | |
| control field | 20140310182905.0 |
| 008 - FIXED-LENGTH DATA ELEMENTS--GENERAL INFORMATION | |
| fixed length control field | 130126t xxu||||| |||| 00| 0 eng d |
| 020 ## - INTERNATIONAL STANDARD BOOK NUMBER | |
| International Standard Book Number | 9712348754 |
| 050 ## - LIBRARY OF CONGRESS CALL NUMBER | |
| Classification number | HM51 |
| Item number | .P163 2007 |
| 082 ## - DEWEY DECIMAL CLASSIFICATION NUMBER | |
| Classification number | FIL 301 |
| -- | P17 2007 |
| 245 ## - TITLE STATEMENT | |
| Title | Introduction to sociology and anthropology |
| Statement of responsibility, etc | Palispis, Epitacio S. |
| 260 ## - PUBLICATION, DISTRIBUTION, ETC. (IMPRINT) | |
| Place of publication, distribution, etc | Manila : |
| Name of publisher, distributor, etc | Rex Book Store, |
| Date of publication, distribution, etc | c2007. |
| 300 ## - PHYSICAL DESCRIPTION | |
| Extent | 497 p. ; |
| Dimensions | 23 cm. |
| 521 ## - TARGET AUDIENCE NOTE | |
| Target audience note | |
| 526 ## - STUDY PROGRAM INFORMATION NOTE | |
| Reading level | 1210L-1700L |
| 541 ## - IMMEDIATE SOURCE OF ACQUISITION NOTE | |
| -- | 1 |
| 541 ## - IMMEDIATE SOURCE OF ACQUISITION NOTE | |
| -- | 2 |
| 541 ## - IMMEDIATE SOURCE OF ACQUISITION NOTE | |
| -- | 3 |
| 541 ## - IMMEDIATE SOURCE OF ACQUISITION NOTE | |
| -- | 1,2,3,4,5 |
| 541 ## - IMMEDIATE SOURCE OF ACQUISITION NOTE | |
| -- | 5 |
| 562 ## - COPY AND VERSION IDENTIFICATION NOTE | |
| Number of copies | 5 |
| 942 ## - ADDED ENTRY ELEMENTS (KOHA) | |
| Source of classification or shelving scheme | Library of Congress Classification |
| Koha item type | Books |
| Call number prefix | Filipininana |
| Withdrawn status | Lost status | Source of classification or shelving scheme | Damaged status | Home library | Current library | Shelving location | Date acquired | Source of acquisition | Total Checkouts | Total Renewals | Full call number | Barcode | Date last seen | Date checked out | Copy number | Price effective from | Koha item type |
|---|---|---|---|---|---|---|---|---|---|---|---|---|---|---|---|---|---|
| Library of Congress Classification | Archives | Archives | 01/26/2013 | Donation | 2 | 6 | HM51 .P163 2007 | C14110 | 10/16/2019 | 09/17/2019 | 1 | 01/26/2013 | Books | ||||
| Library of Congress Classification | Archives | Archives | 04/15/2013 | Donation | 2 | 7 | HM51 .P163 2007 | C14111 | 04/01/2019 | 03/04/2019 | 3 | 04/15/2013 | Books | ||||
| Library of Congress Classification | Archives | Archives | 05/07/2013 | Donation | 1 | 1 | HM51 .P163 2007 | C16599 | 05/08/2018 | 07/12/2014 | 6 | 05/07/2013 | Books | ||||
| Library of Congress Classification | College Library | College Library | Filipiniana Section | 04/15/2013 | HM51 .P163 2007 | C8698 | 05/08/2018 | 2 | 04/15/2013 | Books | |||||||
| Library of Congress Classification | College Library | College Library | Filipiniana Section | 04/15/2013 | HM51 .P163 2007 | C8699 | 05/08/2018 | 3 | 04/15/2013 | Books | |||||||
| Library of Congress Classification | College Library | College Library | Filipiniana Section | 04/15/2013 | 4 | 15 | HM51 .P163 2007 | C10276 | 11/18/2021 | 09/27/2021 | 5 | 04/15/2013 | Books |